| 000 | 00429nam a2200181Ia 4500 | ||
|---|---|---|---|
| 001 | 7424 | ||
| 005 | 20260306160454.0 | ||
| 008 | 260306t2012||||xx |||||||||||||| ||spa|| | ||
| 041 | _aESP | ||
| 082 |
_a338.985 _bE77 |
||
| 100 |
_aEscobal, Javier _eAUT |
||
| 245 | 0 | _aDesarrollo rural y recursos naturales | |
| 260 | _c2012 | ||
| 300 |
_a165 páginas : _c25 cm. |
||
| 650 | _aGEN | ||
| 654 | _aCAN | ||
| 942 |
_cLIB _dJUS _fJUS _2ddc _n |
||
| 999 |
_c7424 _d7424 |
||